Statistics for Biggest Countries by Population, but... #9

Click here to take the quiz!

General Stats

  • This quiz has been taken 74 times
  • The average score is 31 of 39

Answer Stats

RedWhiteBlueGreenYellowBlackCountry% Correct
139 mil133 mil62.8 mil---United States
100%
1,386 mil---34.0 mil-China
99%
-432 mil24.7 mil457 mil--India
96%
135 mil135 mil----Indonesia
94%
-2.19 mil26.3 mil147 mil37.9 mil-Brazil
93%
22.8 mil22.8 mil22.8 mil---France
93%
-70.0 mil-155 mil--Pakistan
93%
34.3 mil32.3 mil--1.95 mil34.3 milEgypt
91%
27.7 mil---27.7 mil27.7 milGermany
91%
48.4 mil48.4 mil48.4 mil---Russia
91%
42.0 mil36.1 mil-42.0 mil--Mexico
90%
23.8 mil101 mil----Japan
89%
24.9 mil473 k94.7 k-21.8 mil-Spain
87%
-14.5 mil30.5 mil-732 k-Argentina
86%
36.1 mil--136 mil--Bangladesh
86%
18.4 mil-61.8 mil-11.9 mil-D. R. Congo
86%
91.8 mil---6.69 mil-Vietnam
86%
35.2 mil-17.5 mil35.2 mil29.8 mil-Ethiopia
84%
-70.4 mil-140 mil--Nigeria
84%
79.4 mil4.01 mil----Turkey
84%
26.9 mil32.3 mil-26.0 mil--Iran
83%
43.6 mil20.0 mil43.6 mil-4.12 mil-Philippines
81%
12.7 mil-12.7 mil-25.5 mil-Colombia
80%
22.2 mil22.2 mil22.2 mil---Thailand
77%
-2.94 mil-32.0 mil--Saudi Arabia
74%
3.35 mil40.8 mil3.35 mil--4.08 milSouth Korea
73%
2.90 mil21.6 mil-20.8 mil--Algeria
71%
2.41 mil2.95 mil20.5 mil---Australia
71%
13.7 mil12.7 mil-1.02 mil-13.7 milIraq
71%
14.2 mil5.04 mil-13.8 mil-14.4 milKenya
71%
--17.2 mil17.2 mil7.07 mil17.7 milTanzania
71%
--20.5 mil-20.5 mil-Ukraine
70%
36.5 mil--631 k--Morocco
67%
15.5 mil---1.38 mil15.2 milAngola
64%
13.0 mil10.6 mil-7.38 mil-13.0 milSudan
63%
13.3 mil1.67 mil--14.3 mil13.5 milUganda
63%
17.3 mil5.58 mil-14.2 mil18.1 mil-Myanmar
60%
10.1 mil10.1 mil---10.1 milYemen
51%
5.51 mil1.57 mil-8.35 mil8.84 mil6.56 milMozambique
50%

Score Distribution

Percentile by Number Answered

Percent of People with Each Score

Your Score History

You have not taken this quiz